Long-term outlook (Record no. 97)

MARC details
000 -LEADER
fixed length control field 00868cab a2200217 4500
001 - CONTROL NUMBER
control field ##ABS52796
008 - FIXED-LENGTH DATA ELEMENTS--GENERAL INFORMATION
fixed length control field 090401t1995 xxu||||| |||| 00| 0 eng d
035 ## - SYSTEM CONTROL NUMBER
System control number (Sirsi) u250
041 0# - LANGUAGE CODE
Language code of text/sound track or separate title eng
100 1# - MAIN ENTRY--PERSONAL NAME
Personal name Plumb of Coleshill, Charles Henry Plumb
Dates associated with a name Baron
Titles and words associated with a name 1925-
245 00 - TITLE STATEMENT
Title Long-term outlook
260 ## - PUBLICATION, DISTRIBUTION, ETC.
Date of publication, distribution, etc. 1995
350 ## - PRICE (NR) (BK AM CF MU VM SE) [OBSOLETE]
Price 0
490 #0 - SERIES STATEMENT
Series statement Country Landowner
Volume/sequential designation April 1995, 18(1)
520 ## - SUMMARY, ETC.
Summary, etc. The Chairman of the Agricultural Mortgage Corporation is confident about long-term lending although he thinks that land values will fall soon and not rise again for some time.
520 ## - SUMMARY, ETC.
Summary, etc. This article is no longer held by the RICS Library but may be available via inter-library loan. Please ask Library staff for details.
651 #4 - SUBJECT ADDED ENTRY--GEOGRAPHIC NAME
Geographic name GREAT BRITAIN
690 ## - LOCAL SUBJECT ADDED ENTRY--TOPICAL TERM (OCLC, RLIN)
Topical term or geographic name as entry element PROPERTY-RURAL AND NATURAL ASSETS-RURAL AND NATURAL ASSET MARKET
942 ## - ADDED ENTRY ELEMENTS (KOHA)
Suppress in OPAC 0
948 ## - LOCAL PROCESSING INFORMATION (OCLC); SERIES PART DESIGNATOR (RLIN)
c (OCLC) 04/03/1997
Holdings
Withdrawn status Lost status Source of classification or shelving scheme Damaged status Not for loan Home library Current library Shelving location Date acquired Total Checkouts Full call number Barcode Date last seen Copy number Price effective from Koha item type
    Dewey Decimal Classification     London London Journal article 14/09/1999   ABS52796 250-1001 06/08/2019 1 06/08/2019 Journal article